| 000 | 00495nam a2200133Ia 4500 | ||
|---|---|---|---|
| 008 | 170419s9999 xx 000 0 und d | ||
| 100 | _aCarlson, Judy. | ||
| 245 | _aBaccalaureate nursing faculty competencies and teaching strategies to enhance the care of the veteran population: perspectives of veteran affairs nursing academy (VANA) faculty | ||
| 245 | _cJudy Carlson | ||
| 260 | _bElsevier | ||
| 260 | _c2016 | ||
| 300 | _aJuly/August 2016 | ||
| 440 |
_aJournal of Profesional Nursing _v32:4 |
||
| 999 |
_c329534 _d329534 |
||